[Event "Match"]
[Site "www.echecsemail.com"]
[Date "2016.05.08"]
[Round "1"]
[White "Yakke"]
[Black "Jean"]
[WhiteElo "1730"]
[BlackElo "1009"]
[Result "1-0"]
[Round "1"]
1.e4 e5
2.Ng1f3 d6
3.Nb1c3 b6
4.Bf1b5 Ke7
5.d3 a6
6.Bb5c4 a5
7.Nf3g5 Ke8
8.Ng5xf7 Ng8f6
9.Nf7xd8 Kxd8
10.O-O h5
11.Bc1g5 h4
12.h3 Ke8
13.Qd1f3 Nf6h7
14.Qf3f7 
1-0

[Event "Match"]
[Site "www.echecsemail.com"]
[Date "2016.05.08"]
[Round "1"]
[White "Osvalazo"]
[Black "Guidom"]
[WhiteElo "1700"]
[BlackElo "2040"]
[Result "0-1"]
[Round "1"]
1.e4 e5
2.Bf1c4 d6
3.Ng1f3 Bf8e7
4.c3 Nb8c6
5.Qd1b3 Nc6a5
6.Qb3a4 c6
7.Qa4d1 Na5xc4
8.O-O Ng8f6
9.Rf1e1 O-O
10.d3 Nc4b6
11.d4 exd4
12.Qd1xd4 Qd8c7
13.e5 dxe5
14.Nf3xe5 Be7d6
15.Bc1f4 Rf8d8
16.Qd4e3 Bc8e6
17.Bf4g5 Bd6e7
18.b4 Nb6d5
19.Qe3g3 Ra8c8
20.Bg5f4 Be7d6
21.a3 Nf6h5
22.Qg3h4 Nh5xf4
23.Ne5c4 Nf4g6
24.Qh4e4 Nd5f6
25.Qe4e2 Ng6f4
26.Qe2f1 Nf6d5
27.Nc4e3 Nd5xe3
28.Re1xe3 Nf4d5
29.Re3e1 Bd6xh2
30.Kh1 Bh2f4
31.c4 Nd5b6
 { time }
0-1

[Event "Match"]
[Site "www.echecsemail.com"]
[Date "2016.05.08"]
[Round "1"]
[White "Ditto"]
[Black "Osvalazo"]
[WhiteElo "1620"]
[BlackElo "1700"]
[Result "1-0"]
[Round "1"]
1.e4 e5
2.Ng1f3 Nb8c6
3.Bf1c4 h6
4.d3 Bf8b4
5.c3 Bb4c5
6.O-O Ng8f6
7.Rf1e1 Nf6g4
8.Re1f1 O-O
9.Nb1d2 Nc6e7
10.Nd2b3 d6
11.Nb3d2 Bc5e3
12.Qd1e1 Be3xd2
13.Bc1xd2 Bc8e6
14.Bc4xe6 fxe6
15.Qe1e2 d5
16.Nf3h4  { time }
1-0

[Event "Match"]
[Site "www.echecsemail.com"]
[Date "2016.05.08"]
[Round "1"]
[White "Cardiff"]
[Black "Gilliere"]
[WhiteElo "1720"]
[BlackElo "2000"]
[Result "1/2-1/2"]
[Round "1"]
1.Ng1f3 Ng8f6
2.g3 d5
3.b3 e6
4.Bc1b2 Nb8d7
5.Bf1g2 Bf8e7
6.O-O O-O
7.d4 c5
8.Nb1d2 cxd4
9.Nf3xd4 h6
10.e4 dxe4
11.Nd2xe4 Nf6xe4
12.Bg2xe4 Be7f6
13.c3 Bf6xd4
14.Qd1xd4 Nd7f6
15.Qd4xd8 Rf8xd8
16.Be4f3 Ra8b8
17.c4 Nf6h7
18.Bb2e5 { draw }
1/2-1/2

[Event "Match"]
[Site "www.echecsemail.com"]
[Date "2016.05.08"]
[Round "1"]
[White "Jean"]
[Black "Ikke"]
[WhiteElo "1019"]
[BlackElo "1069"]
[Result "0-1"]
[Round "1"]
1.b4 f6
2.d3 c6
3.g3 g6
4.g4 b5
5.d4 Nb8a6
6.Qd1d2 g5
7.a3 Ng8h6
8.Bf1h3 Bc8b7
9.Nb1c3 d5
10.Qd2d1 Qd8b8
11.Bh3f1 Qb8c8
12.h3 Qc8e6
13.Ng1f3 O-O-O
14.h4 Nh6xg4
15.h5 Qe6f5
16.Nf3g1 e6
17.f3 Ng4h6
18.Bf1h3 Qf5f4
19.Bh3xe6 Kc7
20.e3 Qf4d6
21.Be6h3 f5
22.e4 Rd8e8
23.e5 Qd6e7
24.a4 Kc8
25.axb5 Na6c7
26.Ra1xa7 Qe7xb4
27.Qd1d2 Qb4e7
28.f4 Nc7e6
29.fxg5 Nh6f7
 { time }
0-1

[Event "Match"]
[Site "www.echecsemail.com"]
[Date "2016.05.08"]
[Round "1"]
[White "Billyg"]
[Black "Azorau"]
[WhiteElo "1550"]
[BlackElo "1900"]
[Result "0-1"]
[Round "1"]
1.e4 e5
2.d4 exd4
3.Qd1xd4 Nb8c6
4.Qd4e3 Nc6b4
5.Qe3d2 Qd8e7
6.a3 Nb4c6
7.f3 Ng8f6
8.Nb1c3 g6
9.b4 Bf8g7
10.Bc1b2 O-O
11.O-O-O a5
12.Kb1 axb4
13.axb4 Qe7xb4
14.Ng1e2 Nf6e8
15.Ne2f4 Bg7xc3
16.Nf4d3 Bc3xd2
17.Nd3xb4 Bd2xb4
18.c3 Bb4c5
19.Bf1c4 Ne8d6
20.Bc4e2 b6
21.Rh1e1 Bc5f2
22.Re1f1 Bf2c5
23.Be2d3 Bc5a3
24.Bb2xa3 Ra8xa3
25.Rd1c1 Nc6a5
26.Rc1c2 Na5b3
27.Kb2 Bc8a6
28.Kxa3 Ba6xd3
29.Rc2f2 Bd3xf1
30.Rf2xf1 Nb3d2
{ resign }
0-1

[Event "Fast Game"]
[Site "www.echecsemail.com"]
[Date "2016.05.08"]
[Round "1"]
[White "Claudia"]
[Black "Romaamor69"]
[WhiteElo "1599"]
[BlackElo "1599"]
[Result "0-1"]
[Round "1"]
1.d4 e6
2.c4 f5
3.Nb1c3 Ng8f6
4.Bc1g5 Bf8b4
5.Qd1c2 h6
6.Bg5xf6 Qd8xf6
7.Ng1f3 O-O
8.e3 b6
9.Bf1e2 Bc8b7
10.O-O a6
11.a3 Bb4e7
12.e4 fxe4
13.Nc3xe4 Qf6g6
14.Nf3d2 Be7g5
{ resign }
0-1

[Event "Tourn. n8751"]
[Site "www.chess-mail.com"]
[Date "2016.05.09"]
[Round "1"]
[White "Pimpampum"]
[Black "Bojan"]
[WhiteElo "2030"]
[BlackElo "1890"]
[Result "1-0"]
[Round "1"]
1.e4 e5
2.Ng1f3 f6
3.Nf3xe5 fxe5
4.Bf1c4 h5
5.Qd1f3 Qd8f6
6.Qf3b3 Bf8c5
7.O-O Ng8e7
8.Nb1c3 Nb8c6
9.Nc3b5 Kd8
10.c3 Nc6a5
11.Qb3a4 Na5xc4
12.Qa4xc4 Bc5b6
13.d4 exd4
14.cxd4 a6
15.e5 Qf6h4
16.Nb5c3 Bb6xd4
17.Bc1e3 Ne7f5
18.Be3xd4 Qh4xd4
19.Qc4f7 Qd4xe5
20.Rf1e1 Nf5h6
21.Qf7g6 Qe5f6
22.Qg6xh5 Rh8f8
23.Re1e2 d6
24.Ra1e1 Bc8d7
25.Nc3d5 Qf6f5
26.Qh5h4 Kc8
27.Nd5e7 Kb8
28.Ne7xf5 Nh6xf5
29.Qh4c4 Bd7b5
30.Qc4g4 Ka7
31.Re2c2 Ra8c8
32.Rc2d2 Bb5d7
33.Rd2e2 Rc8d8
34.Qg4g5 Rf8g8
35.Re1d1 Kb8
36.Rd1d5 Nf5h6
37.Re2e7 Rd8e8
38.h3 Bd7c6
39.Rd5d3 Bc6b5
40.Rd3e3 Re8f8
41.Re7xg7 Rg8h8
42.Re3c3 Bb5c6
43.Qg5e7 Rf8c8
44.Qe7e2 Nh6f5
45.Rg7g4 Bc6d7
46.Rg4b4 Ka8
47.Qe2c2 c5
48.Rb4f4 Nf5d4
49.Qc2d2 Rc8d8
50.a3 Rh8g8
51.b4 Bd7c6
52.f3 b6
53.Rf4xd4 Rg8g6
54.bxc5 bxc5
55.Rc3xc5 Bc6xf3
56.Rc5g5 { resign }
1-0

[Event "Tourn. n8717"]
[Site "www.chess-mail.com"]
[Date "2016.05.09"]
[Round "1"]
[White "B0zata"]
[Black "Hundegana"]
[WhiteElo "1799"]
[BlackElo "1880"]
[Result "1-0"]
[Round "1"]
1.b4 d5
2.Bc1b2 f6
3.d4 Bc8f5
4.Ng1f3 Nb8c6
5.e3 a6
6.a3 e6
7.Nf3h4 Bf5g6
8.Nh4xg6 hxg6
9.Bf1d3 Kf7
10.Nb1d2 b6
11.Qd1g4 f5
12.Qg4e2 Qd8g5
13.g3 Qg5d8
14.c4 Ng8f6
15.cxd5 Nf6xd5
16.Ra1c1 Nc6b8
17.Nd2f3 Kf6
18.Nf3e5 Bf8d6
19.O-O Rh8h6
20.f4 Nb8d7
21.Rc1c6 Nd7b8
22.Rc6c2 Bd6xe5
23.fxe5 Kf7
24.e4 Nd5e7
25.g4 Kg8
26.exf5 gxf5
27.gxf5 exf5
28.Bd3xf5 Ne7xf5
29.Rf1xf5 Nb8c6
30.Qe2g4 Qd8h4
31.Qg4xh4 Rh6xh4
32.Rc2xc6 Ra8c8
33.d5 Rh4e4
34.e6 a5
35.Rf5f7 axb4
36.Rf7xg7 Kf8
37.axb4 b5
38.Rg7xc7 Rc8xc7
39.Rc6xc7 Re4xb4
40.Bb2a3 Ke8
41.Ba3xb4 Kd8
42.d6 Ke8
43.Rc7c8 { resign }
1-0

[Event "Tourn. n8718"]
[Site "www.chess-mail.com"]
[Date "2016.05.09"]
[Round "1"]
[White "Orhany24"]
[Black "Mars91"]
[WhiteElo "2130"]
[BlackElo "2020"]
[Result "1-0"]
[Round "1"]
1.e4 g6
2.d4 Bf8g7
3.c4 d6
4.Nb1c3 Nb8c6
5.Bc1e3 e5
6.d5 Nc6e7
7.f4 Ng8f6
8.Bf1e2 h5
9.h3 a6
10.Ng1f3 exf4
11.Be3xf4 Ne7g8
12.O-O Bg7h6
13.Qd1d2 Bh6xf4
14.Qd2xf4 Qd8e7
15.Be2d3 Ng8h6
16.Ra1e1 Bc8d7
17.e5 { resign }
1-0

[Event "Tourn. n8708"]
[Site "www.chess-mail.com"]
[Date "2016.05.09"]
[Round "1"]
[White "Milkyway"]
[Black "Ejner"]
[WhiteElo "2269"]
[BlackElo "2249"]
[Result "1/2-1/2"]
[Round "1"]
1.e4 c5
2.Ng1f3 e6
3.d4 cxd4
4.Nf3xd4 a6
5.c4 Ng8f6
6.Bf1d3 Nb8c6
7.Nd4xc6 dxc6
8.O-O e5
9.Nb1c3 Bf8c5
10.h3 Bc8e6
11.Qd1e2 O-O
12.Rf1d1 Nf6d7
13.a3 Qd8h4
14.Qe2f3 b5
15.cxb5 axb5
16.Bc1e3 Bc5xe3
17.Qf3xe3 Qh4e7
18.Ra1c1 { draw }
1/2-1/2

[Event "Tourn. n8741"]
[Site "www.chess-mail.com"]
[Date "2016.05.09"]
[Round "1"]
[White "Pimpampum"]
[Black "Llcervello"]
[WhiteElo "1909"]
[BlackElo "1610"]
[Result "1-0"]
[Round "1"]
1.e4 e5
2.g3 f6
3.Bf1g2 g5
4.Qd1h5 Ke7
5.Nb1c3 c6
6.Ng1f3 d6
7.d4 Qd8a5
8.Bc1d2 Qa5b6
9.O-O-O exd4
10.Nf3xd4 Qb6xd4
11.Bd2xg5 Qd4xf2
12.Rd1d2 Qf2c5
13.e5 dxe5
14.Nc3e4 Qc5a5
15.Bg5e3 Nb8d7
16.a3 Kd8
17.Qh5f7 Kc7
18.Rh1d1 Ng8e7
19.Ne4xf6 Nd7xf6
20.Qf7xf6 b6
21.Qf6xh8 Bc8g4
22.Rd1e1 h5
23.h3 Bg4f5
24.Qh8xh5 Bf5xc2
25.Kxc2 Ra8d8
26.Rd2xd8 Kxd8
27.Re1d1 Kc7
28.Qh5f7 Qa5a4
29.Kc1 Kb7
30.Qf7xf8 Qa4c4
31.Kb1 Ne7d5
32.Qf8f7 Ka6
33.Bg2f1 { resign }
1-0

[Event "Tourn. n8742"]
[Site "www.chess-mail.com"]
[Date "2016.05.09"]
[Round "1"]
[White "Eusegon"]
[Black "Bojan"]
[WhiteElo "1960"]
[BlackElo "1820"]
[Result "0-1"]
[Round "1"]
1.d4 g6
2.e4 d5
3.e5 a6
4.Ng1f3 Bf8h6
5.Bf1e2 Nb8c6
6.O-O Bc8f5
7.c4 dxc4
8.Be2xc4 Qd8d7
9.Nb1c3 Bf5g4
10.d5 Nc6xe5
11.Nf3xe5 Qd7f5
12.Ne5xg4 Bh6g7
13.Rf1e1 h5
 { time }
0-1

[Event "Tourn. n8713"]
[Site "www.chess-mail.com"]
[Date "2016.05.09"]
[Round "1"]
[White "Daquata"]
[Black "Azulmarino"]
[WhiteElo "1600"]
[BlackElo "1430"]
[Result "1-0"]
[Round "1"]
1.e4 e5
2.Ng1f3 Nb8c6
3.Bf1c4 h6
4.d4 exd4
5.Nf3xd4 Bf8c5
6.Nd4xc6 bxc6
7.Bc4xf7 Kxf7
8.Qd1h5 g6
9.Qh5xc5 Bc8a6
10.Nb1c3 Ng8e7
11.Bc1f4 d6
12.Qc5a5 Ba6c4
13.O-O-O Bc4e6
14.Qa5a4 g5
15.Bf4e3 Be6d7
16.Qa4c4 Bd7e6
17.Qc4d4 c5
18.Qd4d2 Rh8g8
19.g3 Ra8b8
20.f4 Be6c4
21.b3 Bc4e6
22.Rh1f1 Be6h3
23.Rf1f2 Ne7c6
24.fxg5 Ke8
25.gxh6 Bh3g4
26.Rd1f1 Rb8b6
27.Nc3d5 Rb6b8
28.Nd5f6 Ke7
29.Nf6xg8 Qd8xg8
30.Rf2f7 Ke6
31.Qd2d5 { resign }
1-0

[Event "Tourn. n8683"]
[Site "www.chess-mail.com"]
[Date "2016.05.09"]
[Round "1"]
[White "Taxrama"]
[Black "Tevere"]
[WhiteElo "1499"]
[BlackElo "1819"]
[Result "0-1"]
[Round "1"]
1.e4 e5
2.Ng1f3 Nb8c6
3.Bf1c4 Bf8c5
4.Nb1c3 Ng8f6
5.h3 O-O
6.d3 d6
7.Bc1g5 h6
8.Bg5d2 a6
9.Nf3g5 hxg5
10.Bd2xg5 Nc6d4
11.Ra1c1 Nd4e6
12.h4 Ne6xg5
13.hxg5 Nf6g4
14.Qd1d2 Bc5xf2
15.Ke2 Bf2e3
16.Qd2e1 Be3xg5
17.Rc1a1 Ng4e3
18.Bc4b3 Ne3xg2
19.Qe1g3 Ng2e3
20.Rh1h5 Bc8g4
21.Kf2 Bg4xh5
22.Nc3d5 Bg5h4
23.Nd5xe3 Bh4xg3
24.Kxg3 Qd8g5
25.Kf2 Qg5f4
26.Kg2 Bh5f3
27.Kf1 Qf4xe3
28.Ra1e1 Qe3d2
29.Re1a1 Qd2e2
30.Kg1 Qe2g2

0-1

[Event "Tourn. n8744"]
[Site "www.chess-mail.com"]
[Date "2016.05.09"]
[Round "1"]
[White "Eusegon"]
[Black "Bojan"]
[WhiteElo "1960"]
[BlackElo "1820"]
[Result "0-1"]
[Round "1"]
1.e4 b6
2.d4 e6
3.Ng1f3 Bc8b7
4.Bf1d3 d5
5.e5 a6
6.O-O Nb8d7
7.Bc1f4 h6
8.h3 c5
9.c3 c4
10.Bd3c2 b5
11.Bf4g3 f5
 { time }
0-1

[Event "Tourn. n8741"]
[Site "www.chess-mail.com"]
[Date "2016.05.09"]
[Round "1"]
[White "Pimpampum"]
[Black "Falcoale"]
[WhiteElo "1909"]
[BlackElo "1770"]
[Result "1-0"]
[Round "1"]
1.f4 c5
2.e4 Ng8f6
3.Nb1c3 e6
4.Ng1f3 b6
5.e5 Nf6d5
6.d4 Nd5xc3
7.bxc3 Bc8b7
8.Bf1d3 d6
9.O-O d5
10.f5 c4
11.fxe6 fxe6
12.Nf3g5 cxd3
13.Ng5f7 Qd8c7
14.Nf7xh8 Nb8c6
15.Qd1xd3 a5
16.Qd3xh7 O-O-O
17.Bc1g5 Rd8d7
18.Rf1xf8 Nc6d8
19.Qh7g8 Bb7c6
20.Nh8f7 Rd7xf7
21.Rf8xd8 { resign }
1-0

[Event "Match"]
[Site "www.echecsemail.com"]
[Date "2016.05.09"]
[Round "1"]
[White "Mrynmryn"]
[Black "Tomcapp"]
[WhiteElo "1599"]
[BlackElo "1550"]
[Result "1-0"]
[Round "1"]
1.Ng1f3 d6
2.d4 e6
3.Bc1f4 Ng8f6
4.h3 Nb8c6
5.e3 Bf8e7
6.c4 b6
7.Bf1e2 d5
8.O-O O-O
9.a3 a5
10.Nb1d2 Nf6e4
11.Nf3e5 Nc6xe5
12.Bf4xe5 Ne4xd2
13.Qd1xd2 dxc4
14.Be2xc4 c5
15.Rf1d1 cxd4
16.Qd2xd4 Qd8xd4
17.Be5xd4 h6
18.Bd4xb6 a4
19.Ra1c1 g5
20.Bc4e2 Bc8b7
21.Rc1c7 Bb7xg2
22.Kxg2 Be7d6
23.Rd1xd6 Ra8a6
24.Be2xa6 h5
25.Rd6d7 h4
26.Ba6e2 e5
27.Bb6c5 Rf8b8
28.Rd7xf7 g4
29.Rf7g7 { resign }
1-0

[Event "Match"]
[Site "www.echecsemail.com"]
[Date "2016.05.09"]
[Round "1"]
[White "Cardiff"]
[Black "Liencam2"]
[WhiteElo "1600"]
[BlackElo "2340"]
[Result "1-0"]
[Round "1"]
1.d4 Ng8f6
2.Ng1f3 g6
3.g3 Bf8g7
4.Bf1g2 O-O
5.O-O d5
6.Nf3e5 c6
7.b3 a5
8.Bc1b2 Nb8d7
9.Nb1d2 Qd8c7
10.Nd2f3 b5
11.Ne5xd7 Bc8xd7
12.Nf3e5 Bd7e6
13.Ne5d3 Nf6d7
14.Nd3f4 Be6f5
15.a4 b4
16.Nf4d3 Rf8e8
17.Ra1b1 e5
18.Nd3xe5 Nd7xe5
19.dxe5 Bg7xe5
20.Bb2xe5 Qc7xe5
21.e3 Qe5c3
22.Rb1c1 Ra8d8
23.h3 c5
24.g4 Bf5c8
25.Qd1d3 Qc3f6
26.Bg2xd5 h5
27.f3 Qf6d6
28.e4 Qd6g3
29.Kh1 Qg3xh3
30.Kg1 Qh3g3
31.Kh1 hxg4
32.fxg4 Qg3h4
33.Kg1 Qh4xg4
34.Kf2 Re8e5
35.Bd5xf7 Kxf7
36.Qd3xd8 Bc8a6
37.Ke3 Ba6xf1
38.Rc1xf1 Re5f5
39.exf5 { resign }
1-0

[Event "Match"]
[Site "www.echecsemail.com"]
[Date "2016.05.09"]
[Round "1"]
[White "Guidom"]
[Black "Funchess"]
[WhiteElo "2080"]
[BlackElo "1730"]
[Result "1/2-1/2"]
[Round "1"]
1.e4 d5
2.exd5 Qd8xd5
3.Nb1c3 Qd5a5
4.d3 c6
5.Bc1d2 Ng8f6
6.Ng1f3 Bc8g4
7.Bf1e2 e6
8.O-O Bf8e7
9.h3 Bg4xf3
10.Be2xf3 Nb8d7
11.Rf1e1 O-O
12.Nc3e2 Qa5c7
13.Ne2g3 Be7d6
14.Ng3e4 Nf6xe4
15.Bf3xe4 Nd7f6
16.Be4f3 Bd6f4
17.Bd2xf4 Qc7xf4
18.Qd1c1 Qf4xc1
19.Ra1xc1 Rf8d8
20.Re1e2 Rd8d7
21.Rc1e1 Ra8d8
{ draw }
1/2-1/2

[Event "Match"]
[Site "www.echecsemail.com"]
[Date "2016.05.09"]
[Round "1"]
[White "Babedad"]
[Black "Ledzepp"]
[WhiteElo "1499"]
[BlackElo "1330"]
[Result "1-0"]
[Round "1"]
1.b3 d5
2.Bc1b2 Nb8c6
3.e3 e5
4.Bf1b5 Ng8f6
5.Bb5xc6 bxc6
6.Bb2xe5 Qd8e7
7.Be5b2 Qe7e4
8.Ng1f3 c5
9.O-O d4
10.exd4 cxd4
11.Rf1e1 Bf8e7
12.Re1xe4 Nf6xe4
13.Bb2xd4 O-O
14.d3 Ne4d6
15.Nb1d2 Nd6b5
16.Bd4b2 Be7b4
17.Nd2e4 Bc8g4
18.a3 Bb4e7
19.h3 Bg4h5
20.g4 Bh5g6
21.Ne4g3 Ra8d8
22.a4 Nb5d6
23.Nf3d2 c5
24.Qd1f1 Be7g5
25.f4 Bg5h4
26.Qf1f3 f6
27.f5 Bg6f7
28.Ng3e4 Nd6xe4
29.Nd2xe4 Bf7d5
30.Bb2a3 Rf8e8
31.Ra1d1 c4
32.bxc4 Bd5c6
33.Ne4xf6 Bh4xf6
34.Qf3xc6 Re8e7
35.Ba3xe7 Bf6xe7
36.Qc6c7 Be7g5
37.Rd1e1 Bg5h4
38.Qc7xd8 Bh4xd8
39.Re1e8 Kf7
40.Re8xd8 Ke7
41.Rd8d5 g6
42.fxg6 hxg6
43.c5 Ke6
44.c4 { resign }
1-0

[Event "Match"]
[Site "www.echecsemail.com"]
[Date "2016.05.09"]
[Round "1"]
[White "Ztornad"]
[Black "Bluetealeaf"]
[WhiteElo "1760"]
[BlackElo "1760"]
[Result "1-0"]
[Round "1"]
1.e4 e5
2.Ng1f3 f6
3.Bf1c4 d6
4.d4 Bc8d7
5.dxe5 dxe5
6.Qd1d5 Qd8e7
7.O-O Nb8c6
8.Nb1c3 g5
9.h3 Ng8h6
10.Nc3b5 O-O-O
11.Bc1e3 Bd7xh3
12.gxh3 g4
13.Qd5e6 Kb8
14.Be3xa7 Nc6xa7
15.Nb5xa7 Kxa7
16.Qe6xe7 Bf8xe7
17.hxg4 Nh6xg4
18.Kg2 h5
19.a4 Be7c5
20.a5 h4
21.a6 b6
22.Bc4e6 h3
23.Kg3 Ng4xf2
24.Be6d5 f5
25.Nf3xe5 h2
26.Ne5c6 Ka8
27.Nc6xd8 Ka7
28.Nd8c6 Ka8
29.Nc6e5 Ka7
30.exf5 h1Q
31.Rf1xh1 Nf2xh1
32.Ra1xh1 Rh8g8
33.Kf3 Rg8f8
34.Bd5b7 Rf8xf5
35.Ke4 Rf5f8
36.Ne5c6 
1-0

[Event "Match"]
[Site "www.echecsemail.com"]
[Date "2016.05.09"]
[Round "1"]
[White "Ericleo1980"]
[Black "Elogic"]
[WhiteElo "2240"]
[BlackElo "1870"]
[Result "1-0"]
[Round "1"]
1.e4 e6
2.d4 d5
3.Nb1c3 Bf8b4
4.e5 Bb4xc3
5.bxc3 Ng8e7
6.Bc1g5 Nb8c6
7.Ra1b1 h6
8.Qd1h5 g6
9.Qh5h4 h5
10.Bg5f6 Rh8h7
11.Bf1b5 Bc8d7
12.Ng1f3  { time }
1-0

[Event "Match"]
[Site "www.echecsemail.com"]
[Date "2016.05.09"]
[Round "1"]
[White "Raulazo"]
[Black "Irene"]
[WhiteElo "1930"]
[BlackElo "2050"]
[Result "0-1"]
[Round "1"]
1.e4 e5
2.Ng1f3 Nb8c6
3.Bf1c4 Ng8f6
4.Nf3g5 d5
5.exd5 Nf6xd5
6.Ng5xf7 Qd8f6
7.Nf7xh8 Bc8e6
8.Bc4b5 Be6d7
9.Bb5c4 Bd7e6
10.Qd1h5 g6
11.Qh5xh7 O-O-O
12.Nh8xg6 Bf8c5
13.O-O Be6f5
14.Bc4xd5 Bf5xg6
15.Qh7h3 Bg6f5
16.g4 Qf6g6
17.Bd5f3 Bf5xc2
18.g5 Kb8
19.Kh1 Bc2xb1
20.Bf3h5 Qg6h7
21.g6 Bb1xg6
22.Rf1g1 Qh7xh5
23.Qh3g2 Rd8h8
24.a3 Bg6e4
25.f3 Be4xf3
26.d4 Qh5xh2
{ resign }
0-1

[Event "Match"]
[Site "www.echecsemail.com"]
[Date "2016.05.09"]
[Round "1"]
[White "Genius7"]
[Black "Afrikanu007"]
[WhiteElo "1820"]
[BlackElo "1629"]
[Result "1-0"]
[Round "1"]
1.d4 d5
2.Ng1f3 g6
3.g3 Bc8g4
4.Bf1g2 Bf8g7
5.O-O Nb8c6
6.c3 Bg4xf3
7.Bg2xf3 e5
8.dxe5 Nc6xe5
9.Bf3g2 h5
10.Qd1xd5 Qd8xd5
11.Bg2xd5 O-O-O
12.Bd5g2 Ng8f6
13.Nb1a3 a6
14.Bc1f4 Rh8e8
15.Ra1d1 Ne5c6
16.Bg2xc6 bxc6
17.e3  { time }
1-0

[Event "Match"]
[Site "www.echecsemail.com"]
[Date "2016.05.09"]
[Round "1"]
[White "Gambitmiau"]
[Black "Irene"]
[WhiteElo "1840"]
[BlackElo "2070"]
[Result "0-1"]
[Round "1"]
1.e4 c5
2.Bf1c4 e6
3.Ng1f3 Ng8f6
4.d3 a6
5.Bc1g5 Bf8e7
6.O-O O-O
7.Nb1c3 b5
8.Bc4b3 Bc8b7
9.Nc3e2 d5
10.c4 d4
11.a3 bxc4
12.Bb3xc4 h6
13.Bg5xf6 Be7xf6
14.e5 Bf6xe5
15.Nf3xe5 Qd8g5
16.Ne2g3 Qg5xe5
17.Qd1g4 Nb8d7
18.Ra1e1 Qe5c7
19.f4 Bb7c6
20.Ng3h5 g5
21.Nh5f6 Nd7xf6
22.Qg4h3 Kg7
23.fxg5 hxg5
24.Rf1xf6 Kxf6
25.Qh3h6 Ke7
26.Qh6xg5 Kd7
27.Qg5g7 Bc6d5
28.Bc4xd5 exd5
29.Qg7g4 Kc6
30.b4 Rf8h8
31.bxc5 Qc7xh2
32.Kf2 Qh2h4
33.Kf3 Qh4xe1
34.Qg4xd4 Qe1f1
35.Kg3 Ra8g8
{ resign }
0-1

[Event "Match"]
[Site "www.echecsemail.com"]
[Date "2016.05.09"]
[Round "1"]
[White "Watford"]
[Black "Ericleo1980"]
[WhiteElo "1670"]
[BlackElo "2240"]
[Result "0-1"]
[Round "1"]
1.d4 d5
2.c4 c6
3.cxd5 cxd5
4.Nb1c3 Ng8f6
5.Ng1f3 Nb8c6
6.g3 Bc8f5
7.a3 Qd8c8
8.Bf1g2 Bf5h3
 { time }
0-1

[Event "Match"]
[Site "www.echecsemail.com"]
[Date "2016.05.09"]
[Round "1"]
[White "Llord"]
[Black "Osvalazo"]
[WhiteElo "1780"]
[BlackElo "1700"]
[Result "1-0"]
[Round "1"]
1.e4 e5
2.Ng1f3 d5
3.exd5 Ng8f6
4.Nb1c3 e4
5.Nf3g5 Nf6xd5
6.Ng5xe4 Nd5xc3
7.Ne4xc3 Qd8e7
8.Bf1e2 Nb8c6
9.Nc3d5 Qe7d7
10.Be2f3 Qd7e6
11.Nd5e3 Bf8c5
12.O-O O-O
13.Bf3g4 Qe6g6
14.Bg4xc8 Ra8xc8
15.c3 Rc8d8
16.Qd1f3 Nc6e5
17.Qf3xb7 Bc5b6
18.b3 Rd8b8
19.Qb7d5  { time }
1-0

[Event "Match"]
[Site "www.echecsemail.com"]
[Date "2016.05.09"]
[Round "1"]
[White "Raulazo"]
[Black "Cardiff"]
[WhiteElo "1920"]
[BlackElo "1690"]
[Result "0-1"]
[Round "1"]
1.e4 e5
2.Bf1c4 Ng8f6
3.Nb1c3 Bf8c5
4.h3 Nb8c6
5.Ng1f3 d6
6.Bc4xf7 Kxf7
7.Nf3g5 Kg8
8.d3 h6
9.Ng5f3 Kh7
10.g4 Rh8f8
11.Nc3e2 a6
12.g5 Nf6xe4
13.dxe4 Rf8xf3
14.g6 Kxg6
15.Rh1g1 Kh7
16.Ne2g3 Rf3xf2
17.Ng3h5 Rf2f7
18.Rg1h1 Qd8h4
19.Kd2 Rf7f2
20.Kc3 Bc5b4
21.Kb3 Bc8e6
22.c4 Qh4xe4
23.Ka4 b5
24.cxb5 axb5
25.Kxb5 Qe4c4
{ resign }
0-1

[Event "Match"]
[Site "www.echecsemail.com"]
[Date "2016.05.09"]
[Round "1"]
[White "Raulazo"]
[Black "Ditto"]
[WhiteElo "1910"]
[BlackElo "1620"]
[Result "0-1"]
[Round "1"]
1.e4 e5
2.Bf1c4 Ng8f6
3.Ng1f3 Nb8c6
4.Nf3g5 d5
5.exd5 Nc6d4
6.Ng5xf7 Kxf7
7.d6 Ke8
8.dxc7 Qd8xc7
9.d3 b5
10.Bc4b3 Bc8b7
11.Bc1g5 Bf8e7
12.Bg5xf6 Be7xf6
13.Nb1c3 Bb7xg2
14.Rh1g1 Nd4f3
15.Ke2 Nf3xg1
16.Qd1xg1 Qc7c6
17.a4 Qc6f3
18.Ke1 b4
19.Nc3e2 a5
20.c3 Ra8d8
21.Bb3d1 Qf3c6
22.c4 Rd8xd3
23.Bd1c2 Rd3d8
24.b3 Bg2f3
25.Ne2g3 O-O
26.Bc2d3 Rd8xd3
27.Qg1f1 Qc6d7
28.Ng3h1 Qd7d4
29.Nh1g3 Qd4c3
{ resign }
0-1

[Event "Match"]
[Site "www.echecsemail.com"]
[Date "2016.05.09"]
[Round "1"]
[White "Fangshuo"]
[Black "Birya"]
[WhiteElo "2080"]
[BlackElo "1809"]
[Result "0-1"]
[Round "1"]
1.e4 c5
2.Ng1f3 e6
3.Nb1c3 Nb8c6
4.Bf1e2 Qd8c7
5.d4 cxd4
6.Nf3xd4 a6
7.O-O Ng8f6
8.b3 Bf8d6
9.f4 Nc6xd4
10.Qd1xd4 Bd6c5
{ resign }
0-1

[Event "Match"]
[Site "www.echecsemail.com"]
[Date "2016.05.09"]
[Round "1"]
[White "Cal"]
[Black "Soldiers12"]
[WhiteElo "1630"]
[BlackElo "1499"]
[Result "0-1"]
[Round "1"]
1.d4 d5
2.h3 e6
3.a3 c5
4.dxc5 Bf8xc5
5.Bc1d2 Ng8f6
6.Nb1c3 a6
7.e3 d4
8.exd4 Qd8xd4
9.Qd1f3 Nb8c6
10.Bd2e3 Qd4d6
11.Bf1d3 O-O
12.Ng1e2 Nc6e5
13.O-O Ne5xf3
14.gxf3 Bc5xe3
15.fxe3 e5
16.e4 Bc8xh3
17.b4 Bh3xf1
18.Ra1xf1 Qd6b6
19.Rf1f2 Rf8d8
20.Kf1 Ra8c8
21.Kg2 Nf6h5
22.Nc3d5 Rd8xd5
23.exd5 Nh5f4
24.Ne2xf4 exf4
25.Rf2e2 Qb6d4
26.Bd3e4 Rc8d8
27.Kh3 Qd4g1
28.Re2g2 Qg1f1
29.Kh2 Rd8d6
30.Kh3 Rd6h6
31.Kg4 Qf1xg2
32.Kxf4 Qg2d2
33.Ke5 Rh6h5
34.Kd6 Qd2c3
35.Kd7 Rh5h6
36.d6 Qc3e5
37.Be4xb7 Qe5xd6
38.Kc8 Rh6e6
39.Bb7a8 Re6e7
40.c4 Qd6c7

0-1

[Event "Match"]
[Site "www.echecsemail.com"]
[Date "2016.05.09"]
[Round "1"]
[White "Heiserman"]
[Black "Ericleo1980"]
[WhiteElo "2290"]
[BlackElo "2270"]
[Result "1-0"]
[Round "1"]
1.c4 Ng8f6
2.Nb1c3 c5
3.d3 d5
4.Bc1f4 d4
5.Nc3b5 Nb8a6
6.g3 Nf6h5
7.Bf4d2 g6
8.Qd1a4 Bc8d7
9.Bf1g2 Qd8c8
10.Ng1f3 Bf8g7
11.O-O O-O
12.Qa4a3 Bd7h3
13.Bg2xh3 Qc8xh3
14.b4 cxb4
15.Bd2xb4 Na6xb4
16.Qa3xb4 e5
17.Qb4e7 a6
18.Nb5d6 f6
19.c5 Ra8d8
20.Qe7xb7 Bg7h6
21.Qb7d5 Kg7
22.Rf1b1 Rd8d7
23.Rb1b7 Rf8d8
{ time. }
1-0

[Event "Match"]
[Site "www.echecsemail.com"]
[Date "2016.05.09"]
[Round "1"]
[White "Ledzepp"]
[Black "Silikon"]
[WhiteElo "1330"]
[BlackElo "1499"]
[Result "0-1"]
[Round "1"]
1.d4 d5
2.Nb1c3 Ng8f6
3.e3 Nb8c6
4.Ng1f3 Bc8g4
5.Bf1d3 e6
6.e4 Bf8b4
7.e5 Nf6d7
8.Bc1g5 f6
9.exf6 gxf6
10.Bg5h6 Nc6xd4
11.O-O Rh8g8
12.Bd3xh7 Bg4xf3
13.Bh7xg8 Bf3xd1
{ resign }
0-1

[Event "Eq:Los Tercios-Equipo Juan Diaz : "]
[Site "www.chess-mail.com"]
[Date "2016.05.09"]
[Round "1"]
[White "Lui"]
[Black "Astigitana"]
[WhiteElo "2350"]
[BlackElo "2460"]
[Result "1/2-1/2"]
[Round "1"]
1.e4 c5
2.Ng1f3 d6
3.d4 cxd4
4.Nf3xd4 Ng8f6
5.Nb1c3 e6
6.g4 h6
7.h4 Nb8c6
8.Rh1g1 d5
9.Bf1b5 Bc8d7
10.exd5 Nf6xd5
11.Nc3xd5 exd5
12.Qd1e2 Bf8e7
13.Bc1e3 Nc6xd4
14.Bb5xd7 Qd8xd7
15.Be3xd4 O-O
16.O-O-O Qd7e6
17.Qe2d2 Be7xh4
18.f4 Qe6e4
19.Bd4f2 Bh4xf2
20.Qd2xf2 Rf8e8
21.Rd1d4 Qe4e6
22.Qf2d2 Ra8d8
23.f5 Qe6e3
24.Rg1d1 Qe3xd2
25.Rd1xd2 Re8e1
26.Rd2d1 Re1xd1
27.Kxd1 Kf8
28.c4 { draw }
1/2-1/2

[Event "Fast Game"]
[Site "www.echecsemail.com"]
[Date "2016.05.09"]
[Round "1"]
[White "Cal"]
[Black "Amo"]
[WhiteElo "1600"]
[BlackElo "1599"]
[Result "1-0"]
[Round "1"]
1.c4 g6
2.d4 c6
3.Ng1f3 e6
4.a3 Bf8g7
5.h3 d6
6.Nb1c3 Bc8d7
7.Bc1f4 Qd8c7
8.e3 Ng8e7
9.Bf1d3 a6
10.O-O f5
11.Nf3g5 e5
12.dxe5 dxe5
13.Bf4h2 Bg7f6
14.Ng5f3 Qc7b6
15.b4 e4
16.Bd3xe4 Bf6xc3
17.Be4c2 Bc3xa1
18.Qd1xa1 c5
19.Qa1xh8 Ne7g8
20.Qh8xg8  { time }
1-0

[Event "Tourn. n8707"]
[Site "www.chess-mail.com"]
[Date "2016.05.10"]
[Round "1"]
[White "Faerieking"]
[Black "Julian"]
[WhiteElo "2180"]
[BlackElo "2100"]
[Result "1-0"]
[Round "1"]
1.e4 c5
2.Ng1f3 Nb8c6
3.d4 cxd4
4.Nf3xd4 Ng8f6
5.Nb1c3 a6
6.Bf1c4 e6
7.Nd4xc6 bxc6
8.e5 Nf6d5
9.Bc4xd5 cxd5
10.O-O d6
11.f4 dxe5
12.fxe5 Bf8c5
13.Kh1 O-O
14.Qd1g4 f6
15.Bc1h6 Rf8f7
16.Rf1f3 f5
17.Qg4g3 g6
18.Ra1d1 d4
19.Nc3e2 Bc8b7
20.Rf3f1 Qd8b6
21.b3 Bb7e4
22.Ne2f4 Bc5f8
23.Bh6g5 Ra8c8
24.h4 Rc8xc2
25.Rf1f2 Rc2xf2
26.Qg3xf2 Rf7d7
27.Kh2 Kg7
28.h5 h6
29.Bg5f6 Kg8
30.hxg6 Bf8g7
31.Nf4h5 Bg7f8
32.Qf2d2 d3
33.g7 Bf8c5
34.Qd2xh6 Kf7
35.Qh6h8 { resign }
1-0